00623nam a2200193 a 450000100060000000300080000600500170001400800410003103500190007204000250009104100080011608200280012410000200015224500830017226000560025530000260031150400500033765100420038757062BD-RjUL20211209080450.0161205s1969 pk 000 0 eng  a(BD-RjUL)57186 aLCbengcLCdBD-RjUL aeng00a327.73056223bDEA 19631 aDeNovo, John A.10aAmerican interests and policies in the Middle East, 1900-1939 /cJohn A DeNovo aMinneapolis :bUniversity of Minnesota Press c1963 axii, 447 p. ;c24 cm. aIncludes Bibliographical References and Index aUnited StateszMiddle EastxRelations